| 000 | 00544nam a2200193Ia 4500 | ||
|---|---|---|---|
| 005 | 20250326141718.0 | ||
| 008 | 250326s9999 xx 000 0 und d | ||
| 020 | _a81-7188-010-X | ||
| 037 | _aTextbook | ||
| 040 |
_aFMSL _beng _cFMSL |
||
| 041 |
_aeng _2eng |
||
| 084 |
_aX.44N47 N0.3 _qFMSL |
||
| 100 | _aKapila Uma Ed. | ||
| 245 | 0 |
_aIndian economy since Independence _cKapila Uma Ed. |
|
| 260 |
_aDelhi _bDelhi, Acadamic Foundation _c1990 |
||
| 300 | _a432p | ||
| 942 |
_cTB _hX.44N47 N0.3 |
||
| 999 |
_c1291610 _d1291610 |
||